Consonant clusters and structual complexity (Record no. 47848)
[ view plain ]
| 000 -LEADER | |
|---|---|
| fixed length control field | 01350nam a2200349Ia 4500 |
| 245 00 - TITLE STATEMENT | |
| Title | Consonant clusters and structual complexity |
| 260 ## - PUBLICATION, DISTRIBUTION, ETC. (IMPRINT) | |
| Place of publication | Boston : |
| Name of publisher | De Gruyter Mouton, |
| Year of publication | c2012. |
| 300 ## - PHYSICAL DESCRIPTION | |
| Number of Pages | vi, 409 p. : |
| Other physical details | ill., maps. |
| 490 0# - SERIES STATEMENT | |
| Series statement | Interface explorations, |
| 650 #0 - SUBJECT ADDED ENTRY--TOPICAL TERM | |
| Topical Term | Consonants. |
| Topical Term | Grammar, Comparative and general |
| Topical Term | Phonetics. |
| 700 1# - ADDED ENTRY--PERSONAL NAME | |
| Personal name | Hoole, Philip. |
| 856 40 - ELECTRONIC LOCATION AND ACCESS | |
| Uniform Resource Identifier | http://site.ebrary.com/lib/rucke/Doc?id=10634533 |
No items available.
